Statistics for Hungary Euro 2021 Squad

Click here to take the quiz!

General Stats

  • This quiz has been taken 54 times
  • The average score is 16 of 26

Answer Stats

PositionClubPlayer% Correct
FWFSV Mainz 05Adam Szalai
89%
DFFenerbahceAttila Szalai
89%
GKRB LeipzigPeter Gulacsi
89%
MFBristol CityAdam Nagy
84%
DFRB LeipzigWilli Orban
84%
FWSC FreiburgRoland Sallai
81%
GKFerencvarosDenes Dibusz
73%
MFKasimpasaKevin Varga
65%
DFFehervarLoic Nego
65%
MFMTK BudapestRoland Varga
65%
MFPhiladelphia UnionDaniel Gazdag
62%
FWFC DallasSzabolcs Schon
62%
DFOmonia NicosiaAdam Lang
59%
DFFehervarAttila Fiola
59%
DFFerencvarosEndre Botka
59%
MFOsijekLaszlo Kleinheisler
59%
MFDunajska StredaAndras Schafer
54%
FWFehervarNemanja Nikolic
54%
GKFerencvarosAdam Bogdan
51%
MFFerencvarosDavid Siger
46%
FWPaksJanos Hahn
46%
MFMezokovesdTamas Cseri
46%
DFLuganoAkos Kecskes
41%
FWPartizan BelgradeFilip Holender
38%
DFFehervarBendeguz Bolla
32%
DFFerencvarosGergo Lovrencsis
5%

Score Distribution

Percentile by Number Answered

Percent of People with Each Score

Your Score History

You have not taken this quiz